| 000 | 00850nam a2200253Ia 4500 | ||
|---|---|---|---|
| 003 | OSt | ||
| 005 | 20221005112335.0 | ||
| 006 | a|||||r|||| 00| 0 | ||
| 007 | ta | ||
| 008 | 221004b |||||||| |||| 00| 0 pan d | ||
| 020 |
_a9781989310366 (pbk) _cINR 250.00 |
||
| 024 | _a64902 | ||
| 037 |
_b1178, 22/01/2020, H.K. Prakashan _cTextual |
||
| 040 |
_aCRL _cCRL _bpan |
||
| 041 |
_2pan _apan |
||
| 082 | _aO153,3NMA,AB, Q9 | ||
| 100 | _aਮੰਡ, ਜਸਬੀਰ, ਂਚ. | ||
| 245 | 0 | _aਆ॥ਰੀ ਬਾਬੇ | |
| 260 |
_aਸੰਗਰੂਰ _bਅੰਟੰਮ ਆਰਟ ਭਾਰਤ _c2019 |
||
| 300 |
_a272ਪ੍ਰ0 _ccm. |
||
| 650 | _aਪੰਜਾਬੀ ਸਾਹਿਤ | ||
| 942 |
_hO153,3NMA,AB, Q9 _cTEXL _2cc |
||
| 999 |
_c1024606 _d1024606 |
||